Динамика ударноволнового прессования порошковой керамики: автореферат диссертации на соискание ученой степени кандидата технических наук

Bibliographic Details
Main Author: Симоненко В. Г. Владимир Григорьевич
Corporate Author: Томский политехнический университет
Language:Russian
Published: Томск, [Б. и.], 1999
Subjects:
Format: Book
KOHA link:https://koha.lib.tpu.ru/cgi-bin/koha/opac-detail.pl?biblionumber=11579

MARC

LEADER 00000nam0a2200000 4500
001 11579
005 20231030183756.0
035 |a (RuTPU)RU\TPU\book\11651 
035 |a BOOK00000044 
090 |a 11579 
100 |a 20011209d1999 k y0rusy50 ca 
101 0 |a rus 
102 |a RU 
105 |a y dm 000zy 
200 1 |a Динамика ударноволнового прессования порошковой керамики  |e автореферат диссертации на соискание ученой степени кандидата технических наук  |f В. Г. Симоненко  |g Томский политехнический университет 
210 |a Томск  |c [Б. и.]  |d 1999 
215 |a 24 с. 
610 1 |a керамика 
610 1 |a порошки 
610 1 |a формование 
610 1 |a прессование ударноволновое 
610 1 |a динамика 
610 1 |a авторефераты диссертаций 
675 |a 666.3.03(04)  |v 3 
700 1 |a Симоненко  |b В. Г.  |g Владимир Григорьевич 
712 0 2 |a Томский политехнический университет  |2 stltpush  |3 (RuTPU)RU\TPU\col\376 
801 0 |a RU  |b 63413507  |c 20011209  |g PSBO 
801 2 |a RU  |b 63413507  |c 20040429  |g PSBO 
942 |c BK